000 00500nam a2200157 4500
082 0 0 _a297.52
_bBAG
100 1 _aBagvi, Malik Bashir Ahmad.
_937456
245 1 0 _aDetermination of the direction of Qibla and the Islamic timings.
250 _a1st ed.
260 _aDacca,
_bPrinted at Pak-Arts;
_aavailable from Anjuman Khuddamud-Din, Lahore,
_c1970.
300 _a56 p.
_c22 cm.
500 _aEnglish or Urdu.
526 _a0
_b0
_c0
_d297_520000000000000_BAG
650 _aMCE
_9379
942 _2ddc
_cBK
999 _c542320
_d542320